| 000 | 00583nam a2200205 a 4500 | ||
|---|---|---|---|
| 001 | BRCA_3870 | ||
| 005 | 20190320204445.0 | ||
| 008 | 181209s1952----mx-#######---#000-0#spa-# | ||
| 041 | _aspa | ||
| 044 | _amx | ||
| 050 | 4 |
_aCJ1896 _b.R65 1952 |
|
| 100 | 1 |
_aRomero de Terreros y Vinent, Manuel. _99692 |
|
| 245 | 1 | 0 |
_aLa moneda mexicana _bbosquejo histórico-numismático _cManuel Romero de Terreros. |
| 260 |
_aMéxico _bBanco de México _c1952 |
||
| 300 |
_a48 p. _bil. _c20 cm. |
||
| 500 | _aC29 | ||
| 650 | 1 | 4 |
_aMonedas mexicanas _eHistoria _910077 |
| 902 | _aGFM | ||
| 942 |
_2lcc _cB |
||
| 999 |
_c3598 _d3598 |
||